Sacred groves of coastal Karnataka (Record no. 130636)
[ view plain ]
| 000 -LEADER | |
|---|---|
| fixed length control field | 00698nam a2200229Ia 4500 |
| 003 - CONTROL NUMBER IDENTIFIER | |
| control field | OSt |
| 005 - DATE AND TIME OF LATEST TRANSACTION | |
| control field | 20241109114351.0 |
| 008 - FIXED-LENGTH DATA ELEMENTS--GENERAL INFORMATION | |
| fixed length control field | 210210b2008 xxu||||| |||| 00| 0 eng d |
| 040 ## - CATALOGING SOURCE | |
| Transcribing agency | AL |
| 041 ## - LANGUAGE CODE | |
| Language code of text/sound track or separate title | eng |
| 082 ## - DEWEY DECIMAL CLASSIFICATION NUMBER | |
| Classification number | 294.5212 ACHS |
| 100 ## - MAIN ENTRY--PERSONAL NAME | |
| Personal name | ACHAR (K Prabhakar) |
| 9 (RLIN) | 182743 |
| 245 ## - TITLE STATEMENT | |
| Title | Sacred groves of coastal Karnataka |
| Remainder of title | Naagabanas and bhuuthasthanas |
| 260 ## - PUBLICATION, DISTRIBUTION, ETC. | |
| Place of publication, distribution, etc. | Guruvayanakere |
| Name of publisher, distributor, etc. | Nagarika Seva Trast., |
| Date of publication, distribution, etc. | 2008 |
| 300 ## - PHYSICAL DESCRIPTION | |
| Extent | 184+ |
| 650 ## - SUBJECT ADDED ENTRY--TOPICAL TERM | |
| Topical term or geographic name entry element | Dakshina kannadada devara kadugalu: Nagabanagalu mattu bhutasthanagalu |
| 9 (RLIN) | 182744 |
| 650 ## - SUBJECT ADDED ENTRY--TOPICAL TERM | |
| Topical term or geographic name entry element | South Kanara / South canara |
| 9 (RLIN) | 184780 |
| 690 ## - LOCAL SUBJECT ADDED ENTRY--TOPICAL TERM (OCLC, RLIN) | |
| Topical term or geographic name as entry element | Hinduism |
| 9 (RLIN) | 182745 |
| 700 ## - ADDED ENTRY--PERSONAL NAME | |
| Personal name | NAYAK (Vidya S) |
| 9 (RLIN) | 182746 |
| 906 ## - LOCAL DATA ELEMENT F, LDF (RLIN) | |
| a | 062914 |
| 942 ## - ADDED ENTRY ELEMENTS (KOHA) | |
| Source of classification or shelving scheme | Dewey Decimal Classification |
| Koha item type | Book |
| Withdrawn status | Lost status | Source of classification or shelving scheme | Damaged status | Not for loan | Home library | Current library | Date acquired | Cost, normal purchase price | Total Checkouts | Full call number | Barcode | Date last seen | Price effective from | Koha item type |
|---|---|---|---|---|---|---|---|---|---|---|---|---|---|---|
| Dewey Decimal Classification | Restricted Book | St Aloysius Library | St Aloysius Library | 02/17/2021 | 200.00 | 294.5212 ACHS | 062914 | 02/17/2021 | 02/17/2021 | Book |